00546 2200193 4500001002100000005001500021035002000036007000300056008003900059082001200098084001800110100001500128245007800143260004400221300004000265650001100305600002300316022001300339INLIS00000000000128020250421091918 a0010-0425000012ta250421 | | |  a630-608 a630-608 MAM s0 aMamai, O V1 aScientific support of innovative development of agriculture /cMamai, O V aUnited Kingdom :bIOP Publishing,c2022 a1-7 hlm, :bIlus ;c21 cm x 29,7 cm 4aJurnal 4apertanian inovatif a17551315